000 00493nam a22001697a 4500
005 20251108175552.0
008 250721s9999 xx 000 0 ara d
082 1 4 _aق/مصط
100 1 _aمصطفى، احمد خالد
245 1 0 _aرواية : أرض السافلين /
264 _bعصير الكتب للنشر و التوزيع،
300 _a391ص.
650 1 7 _aالادب العربي
650 1 7 _aالروايات العربية
942 _2ddc
_cBK
999 _c137187
_d137187